Poskytovanie sociálnych služieb na podporu rodiny
Zákonom o sociálnych službách a o zmene a doplnení zákona o živnostenskom podnikaní sa po prvýkrát samostatne upravili sociálne služby na podporu rodiny s deťmi v nepriaznivej sociálnej situácii. S účinnosťou od 1.3.2017 k nim pribudla nová sociálna služba na podporu zosúlaďovania rodinného života a...
Salvato in:
| Autore principale: | |
|---|---|
| Natura: | Capitolo di libro |
| Lingua: | slovacco |
| Soggetti: | |
| Tags: |
Nessun Tag, puoi essere il primo ad aggiungerne!!
|
MARC
| LEADER | 00000naa a2200000 4500 | ||
|---|---|---|---|
| 001 | 0229564 | ||
| 005 | 20170426084322.8 | ||
| 041 | 0 | |a slo | |
| 044 | |a SK | ||
| 245 | 1 | 0 | |a Poskytovanie sociálnych služieb na podporu rodiny |c Jana Žuľová |
| 520 | |a Zákonom o sociálnych službách a o zmene a doplnení zákona o živnostenskom podnikaní sa po prvýkrát samostatne upravili sociálne služby na podporu rodiny s deťmi v nepriaznivej sociálnej situácii. S účinnosťou od 1.3.2017 k nim pribudla nová sociálna služba na podporu zosúlaďovania rodinného života a pracovného života v zariadení starostlivosti o deti do troch rokov veku dieťaťa. | ||
| 610 | 2 | 0 | |a rodina |
| 610 | 2 | 0 | |a starostlivosť o rodinu |
| 610 | 2 | 0 | |a situácia sociálna |
| 610 | 2 | 0 | |a služby sociálne |
| 610 | 2 | 0 | |a služby starostlivosti sociálnej |
| 100 | 1 | |a Žuľová, Jana | |